000
00223 a2200097 4500
001
43969
100
_a
Zafar Ahmed Usmani
245
_a
Intikhab Najaari Sharif
260
_a
Lahore
_b
Idara Islamit
_c
090
_c
27708
_d
27708
942
_a
NUST-CAE
_c
M
_c
19678
999
_c
279042
_d
279042